Ultras in der 2. Bundesliga 2023/2024 - Statistiken

Allgemein
  • Dieses Quiz wurde 469 mal gespielt
  • Das Durchschnittsergebnis liegt bei 8 aus 18
Antwortstatistiken
Hint Antwort % Korrekt
Schalke 04 Ultras Gelsenkirchen
79%
FC Hansa Rostock Suptras Rostock
77%
1. FC Nürnberg Ultras Nürnberg
74%
Hamburger SV Castaways
69%
Hertha BSC Harlekins
69%
Fortuna Düsseldorf Ultras Düsseldorf
61%
FC St. Pauli Ultra' Sankt Pauli
60%
Hannover 96 Ultras Hannover
60%
1. FC Kaiserslautern Pfalz Inferno
44%
VfL Osnabrück Violet Crew
43%
Greuther Fürth Horidos
41%
1. FC Magdeburg Blue Generation
35%
Karlsruher SC Phönix Sons
26%
SC Paderborn Supporters Paderborn
22%
Eintracht Braunschweig Cattiva Brunsviga
20%
Holstein Kiel Compagno Ultras
19%
SV Elversberg Horda Fanatico
8%
Wehen Wiesbaden Supremus Dilectio
7%
Keine übereinstimmenden Quizze gefunden
Verteilung der Resultate
Anzahl Personen mit jedem Resultat
Perzentil nach korrekt beantworteten Fragen
Ihre Resultats-Entwicklung
Sie haben dieses Quiz noch nicht gespielt